00257nam a2200109Ia 4500008004100000100001900041245004100060260001500101300000900116942000700125999001500132190216s9999||||xx |||||||||||||| ||und|| aJames A Cashin 0aTheory And Problems Of Accounting Ii bNullc1981 a278p cBK c4899d4899